Statistics for Country Leaders by Date

Click here to take the quiz!

General Stats

  • This quiz has been taken 338 times
  • The average score is 13 of 25

Answer Stats

HintAnswer% Correct
Cuba 1961-2011Fidel Castro
88%
United States 1961-1963John F. Kennedy
85%
South Africa 1994-1999Nelson Mandela
84%
France 1799-1815Napoleon I
83%
Egypt 51 BC-40 BCCleopatra VII
82%
China 1945-1976Mao Zedong
82%
United States 1981-1989Ronald Reagan
78%
UK 1837-1901Victoria
74%
France 1643-1715Louis XIV
62%
Rome 37-41Caligula
52%
Mongolia 1260-1294Kublai Khan
49%
Scotland 1306-1329Robert I
49%
Austria-Hungary 1848-1916Franz Joseph
47%
Russia 1801-1825Alexander I
46%
Canada 1968-1979Pierre Trudeau
46%
England 1189-1199Richard I
44%
Persia 559 BC-530 BCCyrus II
37%
Brazil 1822-1831Pedro I
26%
Czechoslovakia 1989-1992Vaclav Havel
26%
Japan 1867-1912Emperor Meiji
24%
Mali 1312-1337Musa I
24%
India 2004-2014Manmohan Singh
21%
Rome 161-180Marcus Aurelius
20%
Ayyubids 1174-1193Saladin
17%
China 1402-1424Yongle Emperor
6%

Score Distribution

Percentile by Number Answered

Percent of People with Each Score

Your Score History

You have not taken this quiz